000 00611nam a2200229Ia 4500
003 OSt
005 20220924143854.0
006 a|||||r|||| 00| 0
007 ta
008 220923b |||||||| |||| 00| 0 urd d
024 _a310627
037 _cTextual
040 _aARTS
_cARTS
_burd
041 _2urd
_aurd
082 _aO168:gxNKA,1, N63
100 _aKashfi Syed Abulkhair
_9216784
245 0 _aJadeed adab ke do tanqeedi jaize
260 _c1996
650 _aURDU LITERATURE
942 _hO168:gxNKA,1, N63
_cTEXL
_2CC
999 _c455717
_d455717